| 000 | 00863nam a2200253 4500 | ||
|---|---|---|---|
| 003 | OSt | ||
| 005 | 20240627031731.0 | ||
| 006 | a | ||
| 008 | 240627b |||||||| |||| 00| 0 eng d | ||
| 020 | _a9789746522243 | ||
| 040 |
_aDWCL-Main lib. _cOC |
||
| 082 |
_2Second edition _aRes. 023.9 S617d 2009 |
||
| 100 | _aSinger, Paula M. | ||
| 245 | _aDeveloping a compensation plan for your library / | ||
| 250 | _aSecond edition | ||
| 260 |
_aChicago : _bAmerican Library Association, _cc2009. |
||
| 300 |
_axv, _b197 p. ; _c28 cm. |
||
| 504 | _aIncludes bibliographical references &index. | ||
| 650 | _a1. Library employees-Salaries, etc.- United States. | ||
| 650 | _a2. Library employees-Job Ddescriptions United States. | ||
| 650 | _a3. Job-evaluation-United States. | ||
| 650 | _a4. Job analysis. | ||
| 942 |
_2ddc _n0 _cBK-0 CIRC _eSecond edition _kRes. |
||
| 999 |
_c1467 _d1467 |
||